Pick The Songs - Linkin Park - Statistics

General Stats
  • This quiz has been taken 603 times
  • The average score is 106 of 125
Answer Stats
Question Tile Select % Correct
Pick the songs that appear on Hybrid Theory In My Remains No
99%
Pick the songs that appear on Hybrid Theory Iridescent No
99%
Pick the songs that appear on Hybrid Theory Blackout No
98%
Pick the songs that appear on Hybrid Theory Burning in the Skies No
98%
Pick the songs that appear on Hybrid Theory Castle of Glass No
98%
Pick the songs that appear on Hybrid Theory Leave Out All the Rest No
98%
Pick the songs that appear on Hybrid Theory Lost in the Echo No
98%
Pick the songs that appear on Hybrid Theory No More Sorrow No
98%
Pick the songs that appear on Hybrid Theory Powerless No
98%
Pick the songs that appear on Hybrid Theory Shadow of the Day No
98%
Pick the songs that appear on Hybrid Theory The Catalyst No
98%
Pick the songs that appear on Hybrid Theory What I've Done No
98%
Pick the songs that appear on Hybrid Theory Burn it Down No
97%
Pick the songs that appear on Hybrid Theory Waiting For the End No
97%
Pick the songs that appear on Hybrid Theory Bleed it Out No
96%
Pick the songs that appear on Hybrid Theory Numb No
96%
Pick the songs that appear on Hybrid Theory Nobody's Listening No
95%
Pick the songs that appear on Hybrid Theory Easier To Run No
94%
Pick the songs that appear on Hybrid Theory In The End Yes
94%
Pick the songs that appear on Hybrid Theory One Step Closer Yes
94%
Pick the songs that appear on Hybrid Theory Papercut Yes
94%
Pick the songs that appear on Hybrid Theory Somewhere I Belong No
94%
Pick the songs that appear on Meteora Blackout No
93%
Pick the songs that appear on Meteora Burning in the Skies No
93%
Pick the songs that appear on Meteora Castle of Glass No
93%
Pick the songs that appear on Hybrid Theory Faint No
93%
Pick the songs that appear on Meteora Iridescent No
93%
Pick the songs that appear on Meteora Powerless No
93%
Pick the songs that appear on Meteora Waiting For the End No
93%
Pick the songs that appear on Meteora Burn it Down No
92%
Pick the songs that appear on Meteora In The End No
92%
Pick the songs that appear on Meteora Leave Out All the Rest No
92%
Pick the songs that appear on Meteora Lost in the Echo No
92%
Pick the songs that appear on Meteora No More Sorrow No
92%
Pick the songs that appear on Meteora One Step Closer No
92%
Pick the songs that appear on Meteora Papercut No
92%
Pick the songs that appear on Meteora Shadow of the Day No
92%
Pick the songs that appear on Meteora The Catalyst No
92%
Pick the songs that appear on Meteora What I've Done No
92%
Pick the songs that appear on Meteora A Place for my Head No
91%
Pick the songs that appear on Meteora Crawling No
91%
Pick the songs that appear on Meteora In My Remains No
91%
Pick the songs that appear on Meteora Bleed it Out No
90%
Pick the songs that appear on Hybrid Theory Crawling Yes
90%
Pick the songs that appear on Minutes to Midnight Faint No
90%
Pick the songs that appear on Minutes to Midnight Papercut No
90%
Pick the songs that appear on Minutes to Midnight A Place for my Head No
89%
Pick the songs that appear on Minutes to Midnight Crawling No
89%
Pick the songs that appear on Minutes to Midnight In The End No
89%
Pick the songs that appear on Minutes to Midnight Numb No
89%
Pick the songs that appear on Minutes to Midnight One Step Closer No
89%
Pick the songs that appear on Minutes to Midnight Somewhere I Belong No
89%
Pick the songs that appear on Minutes to Midnight Easier To Run No
88%
Pick the songs that appear on Minutes to Midnight Nobody's Listening No
88%
Pick the songs that appear on Minutes to Midnight The Catalyst No
88%
Pick the songs that appear on Minutes to Midnight Burn it Down No
87%
Pick the songs that appear on Minutes to Midnight Castle of Glass No
87%
Pick the songs that appear on Minutes to Midnight Iridescent No
87%
Pick the songs that appear on Minutes to Midnight Lost in the Echo No
87%
Pick the songs that appear on Minutes to Midnight Powerless No
87%
Pick the songs that appear on Minutes to Midnight Burning in the Skies No
86%
Pick the songs that appear on Minutes to Midnight In My Remains No
86%
Pick the songs that appear on Meteora Numb Yes
86%
Pick the songs that appear on Minutes to Midnight Blackout No
85%
Pick the songs that appear on Hybrid Theory A Place for my Head Yes
84%
Pick the songs that appear on Minutes to Midnight Waiting For the End No
84%
Pick the songs that appear on A Thousand Suns Bleed it Out No
83%
Pick the songs that appear on Living Things Crawling No
83%
Pick the songs that appear on Meteora Faint Yes
83%
Pick the songs that appear on Living Things Faint No
83%
Pick the songs that appear on Living Things One Step Closer No
83%
Pick the songs that appear on A Thousand Suns Papercut No
83%
Pick the songs that appear on Living Things Papercut No
83%
Pick the songs that appear on Living Things Somewhere I Belong No
83%
Pick the songs that appear on A Thousand Suns A Place for my Head No
82%
Pick the songs that appear on Living Things A Place for my Head No
82%
Pick the songs that appear on Living Things Bleed it Out No
82%
Pick the songs that appear on A Thousand Suns Crawling No
82%
Pick the songs that appear on Living Things Easier To Run No
82%
Pick the songs that appear on A Thousand Suns Faint No
82%
Pick the songs that appear on A Thousand Suns In The End No
82%
Pick the songs that appear on Living Things In The End No
82%
Pick the songs that appear on A Thousand Suns Numb No
82%
Pick the songs that appear on Living Things Numb No
82%
Pick the songs that appear on A Thousand Suns One Step Closer No
82%
Pick the songs that appear on Living Things Shadow of the Day No
82%
Pick the songs that appear on A Thousand Suns Somewhere I Belong No
82%
Pick the songs that appear on A Thousand Suns What I've Done No
82%
Pick the songs that appear on Living Things What I've Done No
82%
Pick the songs that appear on A Thousand Suns Easier To Run No
81%
Pick the songs that appear on A Thousand Suns Leave Out All the Rest No
81%
Pick the songs that appear on Living Things Leave Out All the Rest No
81%
Pick the songs that appear on Living Things Nobody's Listening No
81%
Pick the songs that appear on Living Things No More Sorrow No
81%
Pick the songs that appear on Meteora Somewhere I Belong Yes
81%
Pick the songs that appear on A Thousand Suns Nobody's Listening No
80%
Pick the songs that appear on Living Things The Catalyst No
80%
Pick the songs that appear on A Thousand Suns No More Sorrow No
79%
Pick the songs that appear on A Thousand Suns Shadow of the Day No
79%
Pick the songs that appear on Living Things Waiting For the End No
79%
Pick the songs that appear on A Thousand Suns Burn it Down No
78%
Pick the songs that appear on Living Things Iridescent No
78%
Pick the songs that appear on Living Things Blackout No
77%
Pick the songs that appear on A Thousand Suns Castle of Glass No
77%
Pick the songs that appear on A Thousand Suns Lost in the Echo No
77%
Pick the songs that appear on Living Things Burning in the Skies No
76%
Pick the songs that appear on A Thousand Suns In My Remains No
76%
Pick the songs that appear on Minutes to Midnight Leave Out All the Rest Yes
76%
Pick the songs that appear on A Thousand Suns Powerless No
75%
Pick the songs that appear on Minutes to Midnight Shadow of the Day Yes
75%
Pick the songs that appear on Meteora Easier To Run Yes
74%
Pick the songs that appear on Minutes to Midnight What I've Done Yes
73%
Pick the songs that appear on Meteora Nobody's Listening Yes
72%
Pick the songs that appear on Minutes to Midnight No More Sorrow Yes
71%
Pick the songs that appear on Minutes to Midnight Bleed it Out Yes
70%
Pick the songs that appear on A Thousand Suns The Catalyst Yes
69%
Pick the songs that appear on A Thousand Suns Iridescent Yes
67%
Pick the songs that appear on Living Things Lost in the Echo Yes
67%
Pick the songs that appear on Living Things Burn it Down Yes
65%
Pick the songs that appear on Living Things Castle of Glass Yes
65%
Pick the songs that appear on A Thousand Suns Burning in the Skies Yes
63%
Pick the songs that appear on Living Things In My Remains Yes
63%
Pick the songs that appear on A Thousand Suns Waiting For the End Yes
63%
Pick the songs that appear on A Thousand Suns Blackout Yes
62%
Pick the songs that appear on Living Things Powerless Yes
60%
No matching quizzes found
Score Distribution
Percent of People with Each Score
Percentile by Number Answered
Your Score History
You have not taken this quiz